Statistics for Théoden

Click here to take the quiz!

General Stats

  • This quiz has been taken 11 times
    (9 since last reset)
  • The average score is 6 of 11

Answer Stats

HintAnswer% Correct
Realm(s)
Rohan
100%
RaceMen
100%
Age71
67%
BirthTA 2948
67%
ParentsThengel and Morwen
67%
ChildrenThéodred
67%
Rule39
33%
Death
March 15, TA 3019
33%
SpouseElfhild
33%
CultureHouse of Eorl
33%
Sibling(s)Théodwyn and 3 other sisters
33%

Score Distribution

Percentile by Number Answered

Percent of People with Each Score

Your Score History

You have not taken this quiz since the last reset